Eliminações do Santos FC em mata-mata no século XXI - Statistics

Estatísticas Gerais
  • Esse quiz foi jogado 31 vezes
  • A pontuação média é 35 de 47
Estatísticas das Respostas
Competição Fase Ano Adversário Estado / País % Correto
Copa do Brasil Final 2015 Palmeiras SP
100%
Paulistão Semifinal 2018 Palmeiras SP
100%
Libertadores Final 2020 Palmeiras BRA
100%
Paulistão Final 2024 Palmeiras SP
100%
Rio-São Paulo Semifinal 2001 Botafogo RJ
96%
Paulistão Semifinal 2001 Corinthians SP
96%
Paulistão Final 2009 Corinthians SP
96%
Libertadores Semifinal 2012 Corinthians BRA
96%
Paulistão Final 2013 Corinthians SP
96%
Paulistão Semifinal 2019 Corinthians SP
96%
Copa do Brasil Oitavas de Final 2022 Corinthians SP
96%
Paulistão Semifinal 2025 Corinthians SP
96%
Copa do Brasil Semifinal 2014 Cruzeiro MG
96%
Copa do Brasil Quartas de Final 2018 Cruzeiro MG
96%
Copa do Brasil Quartas de Final 2017 Flamengo RJ
96%
Copa do Brasil Oitavas de Final 2019 Atlético MG
92%
Libertadores Final 2003 Boca Juniors ARG
92%
Sulamericana Preliminar 2 2005 Fluminense BRA
92%
Mundial de Clubes Final 2011 Barcelona ESP
88%
Libertadores Quartas de Final 2017 Barcelona EQU
88%
Libertadores Semifinal 2007 Grêmio BRA
88%
Copa do Brasil Oitavas de Final 2013 Grêmio RS
88%
Copa do Brasil Segunda Fase 2002 Internacional RS
85%
Copa do Brasil Quartas de Final 2016 Internacional RS
85%
Copa do Brasil Segunda Fase 2001 Bahia BA
81%
Copa do Brasil Oitavas de Final 2023 Bahia BA
81%
Paulistão Final 2014 Ituano SP
81%
Libertadores Quartas de Final 2005 Athletico BRA
77%
Libertadores Quartas de Final 2008 América MEX
73%
Copa do Brasil Quartas de Final 2021 Athletico PR
73%
Sulamericana Quartas de Final 2004 LDU EQU
69%
Sulamericana Primeira Fase 2019 River Plate URU
69%
Copa Do Brasil Terceira Fase 2025 CRB AL
62%
Libertadores Oitavas de Final 2018 Independiente ARG
62%
Copa do Brasil Oitavas de Final 2020 Ceará CE
58%
Paulistão Quartas de Final 2026 Novorizontino SP
58%
Copa do Brasil Segunda Fase 2009 CSA AL
50%
Paulistão Quartas de Final 2017 Ponte Preta SP
42%
Paulistão Quartas de Final 2020 Ponte Preta SP
42%
Paulistão Semifinal 2004 São Caetano SP
42%
Copa do Brasil Quartas de Final 2006 Ipatinga MG
38%
Sulamericana Quartas de Final 2003 Cienciano PER
35%
Libertadores Quartas de Final 2004 Once Caldas COL
35%
Sulamericana Quartas de Final 2021 Libertad PAR
31%
Sulamericana Oitavas de Final 2022 Táchira VEN
31%
Sulamericana Oitavas de Final 2006 San Lorenzo ARG
23%
Sulamericana Segunda Fase 2010 Avaí BRA
19%
Nenhum quiz correspondente encontrado
Distribuição das Pontuações
Porcentagem de Pessoas com Cada Pontuação
Percentil de Números Respondidos
Sua Pontuação Histórica
Você não jogou esse quiz